00252nam a2200109Ia 4500008004100000020001800041082001500059100001700074245002900091260001200120500001000132260604s9999 xx 000 0 und d a9780143465140 a808.51 KIN aPatrick king 0aHow to Speak Effectively bPenguin aSpeak